| 000 | 01737nam a22003017a 4500 | ||
|---|---|---|---|
| 001 | 1526 | ||
| 003 | FISKH | ||
| 005 | 20250530114545.0 | ||
| 008 | 230904b cb ||||| |||| 00| 0 khr d | ||
| 020 | _a9789995054618 | ||
| 040 |
_aFISKH _beng _cFISKH _dFISKH |
||
| 082 | _a577 | ||
| 100 | _aMengchheang, Sunheng | ||
| 245 |
_aធម្មជាតិស្រុកយើង / _bកុមារព្រៃភ្នំ - រឿងគួរឳ្យចង់អាន : _cនិពន្ធដោយ ស៊ុនហេង ម៉េងឈាង |
||
| 250 | _aបោះពុម្ពលើកទី ១៣ ខែសីហា ឆ្នាំ ២០២២ | ||
| 260 |
_aPhnom Penh : _bSipar, _c2022. |
||
| 300 |
_a40 pages : _bcolor illustrations ; _c20 cm |
||
| 490 | _aខ្ញុំចង់ដឹង | ||
| 505 | _aZ' | ||
| 520 | _aធម្មជាតិនៃប្រទេសរបស់យើង ណែនាំអ្នកអានឱ្យយល់ដឹងបន្ថែមអំពីបរិស្ថាន ដង់ស៊ីតេប្រជាសាស្ត្រ និងអ្វីៗទាំងអស់ដែលទាក់ទងនឹងជីវៈចម្រុះនៅកម្ពុជា។ | ||
| 520 | _aThe Nature of our Country guides readers to know more about environment, density, demographics and all things related to biodiversity in Cambodia. | ||
| 521 | 8 |
_a1000
_bLexile estimate |
|
| 521 | 8 |
_aZ'
_bRaz-Plus |
|
| 546 | _b | ||
| 650 |
_aធម្មជាតិ _vប្រទេសកម្ពុជា _xដង់ស៊ីតេ _yជីវៈចម្រុះ |
||
| 650 |
_aNature _vCambodia _xDensity _yBiodiversity |
||
| 942 |
_2ddc _cBK _n0 |
||
| 999 |
_c1526 _d1526 |
||